| Tag |
First Indicator |
Second Indicator |
Subfields |
| LEADER |
00000cas a2200000 a 4500 |
| 001 |
in00000083472 |
| 005 |
20160324113049.0 |
| 008 |
780201c19759999mx fx p 0uuua0engmd |
| 010 |
|
|
|a 80649112
|
| 035 |
|
|
|a (OCoLC)03595022
|
| 035 |
|
|
|9 AAJ7747AM
|
| 037 |
|
|
|b Servicios Bibliograficos, Secretaria General del IPGH, Ex-Arzobispado No. 29, Mexico 18, D.F.
|
| 040 |
|
|
|a COO
|c COO
|d DLC
|d TXA
|d UtOrBLW
|
| 041 |
0 |
|
|a eng
|a spa
|
| 042 |
|
|
|a lc
|
| 043 |
|
|
|a s------
|
| 049 |
|
|
|a TXAE
|
| 050 |
0 |
0 |
|a QC801
|b .G36
|
| 082 |
0 |
|
|a 551/.05
|
| 090 |
|
|
|a QC801
|b .G35
|
| 245 |
0 |
0 |
|a Revista geofisica.
|
| 264 |
|
1 |
|a Mexico :
|b Instituto Panamericano de Geografia e Historia,
|c [1975-]
|
| 300 |
|
|
|a volumes :
|b illustrations ;
|c 27 cm.
|
| 336 |
|
|
|a text
|b txt
|2 rdacontent
|
| 337 |
|
|
|a unmediated
|b n
|2 rdamedia
|
| 338 |
|
|
|a volume
|b nc
|2 rdacarrier
|
| 362 |
0 |
|
|a No. 3 (Nov. 1975)-
|
| 546 |
|
|
|a English or Spanish.
|
| 550 |
|
|
|a Vols. for Nov. 1975-<June 1978> issued by Comision de Geofisica, Instituto Panamericano de Geografia e Historia.
|
| 650 |
|
0 |
|a Geophysics
|v Periodicals.
|
| 650 |
|
0 |
|a Geophysics
|z South America
|x Periodicals.
|
| 710 |
2 |
|
|a Pan American Institute of Geography and History.
|b Commission on Geophysics,
|e issuing body
|
| 776 |
0 |
8 |
|i Online version:
|t Revista geofísica (Online)
|w (OCoLC)60622992
|
| 780 |
0 |
0 |
|t Geofisica panamericana
|x 1010-5514
|w (DLC) 74645065
|w (OCoLC)1794244
|
| 999 |
|
|
|a MARS
|
| 999 |
f |
f |
|s 9d6f9e01-87f8-350f-bfcf-390acac67604
|i 9cc5ef4d-a02b-3a7e-acd9-9cdd1629e869
|t 0
|
| 952 |
f |
f |
|p ric
|a Texas A&M University
|b Rellis Campus
|c Joint Library Facility
|d Remote Storage
|t 0
|e QC801 .G35
|h Library of Congress classification
|i unmediated -- volume
|k no.6
|l 1977:junio
|m A14841427412
|
| 952 |
f |
f |
|p ric
|a Texas A&M University
|b Rellis Campus
|c Joint Library Facility
|d Remote Storage
|t 0
|e QC801 .G35
|h Library of Congress classification
|i unmediated -- volume
|k no.7
|l 1977:dic.
|m A14841427420
|
| 998 |
f |
f |
|a QC801 .G35
|s no.6-7 (1977:junio-dic.)
|t 0
|l Remote Storage
|